<The> Insurance Market in the Slovak Republic

Guardado en:
Detalles Bibliográficos
Autor principal: Drugdová, Barbora
Formato: Capítulo de libro
Lenguaje:inglés
Materias:
Etiquetas: Agregar Etiqueta
Sin Etiquetas, Sea el primero en etiquetar este registro!

MARC

LEADER 00000naa$a2200000$$$4500
001 0222657
005 20240502083552.6
041 0 |a eng 
044 |a BG 
245 1 0 |a <The> Insurance Market in the Slovak Republic  |c Barbora Drugdová 
610 2 0 |a trh poistný 
610 2 0 |a ukazovatele 
610 2 0 |a poistenie neživotné 
610 2 0 |a poistenie životné 
610 2 0 |a poisťovne komerčné 
610 2 0 |a Slovensko 
100 1 |a Drugdová, Barbora